00533 2200181 4500001002100000005001700021008004100038035002400079082000800103090001400111100002800125245005700153260005400210300003300264650002000297990001700317990001700334YOGYA-0512000000007220120501233944.0 ind  0010-051200000000072 a813 a813 Pan L aPANGEMANAN, Johannes J. aLiku cinta Tarakan-BrisbanecJohannes J. Pangemanan. aJakartabYayasan Pendidikan Gunung Tamboanc1992. aiv, 164 hlm.c23 cm (2 eks.) aFiksi Indonesia a5069-PD/A.05 a5068-PD/A.05